000 01152nam a2200241Ia 4500
003 Ost
005 20260507074856.0
008 260507s9999||||xx |||||||||||||| ||und||
020 _a9770449032
040 _cfsecg
041 _aara
082 _a336.014
100 _aصالح، رشدي صالح عبد الفتاح
_eمؤلف
245 0 _aالتمويل المصرفي للمشروعات /
_c رشدي صالح عبد الفتاح صالح
260 _aالقاهرة:
_bدار النهضة العربية,
_c2006
300 _a316 صفحة؛
_bإيضاحات ؛
_c24 سم
504 _aبيبليوغرافيا: ص.290
520 _aيضم مسؤولية الدولة عن تقديم خدمات البنية الأساسية الاقتصادية مفاهيم ومرتكزات أساسية، ذاتية التمويل المصرفي لمشروعات البنية الأساسية الاقتصادي، دور البنوك المصرية في تمويل مشروعات البنية الأساسية
653 _aالتمويل
653 _aالتمويل- البنوك
653 _aالمشروعات- تمويل
942 _cكتاب
999 _c41615
_d41615